| 000 | 00747cam a2200241 a 4500 | ||
|---|---|---|---|
| 001 | 000009872 | ||
| 005 | 20200929161736.0 | ||
| 008 | 770119s1976 ve f000 1 spa | ||
| 010 | _a77450821 | ||
| 040 |
_aDO-SdBNP _cDLC _dDLC |
||
| 043 | _as-ve--- | ||
| 050 | 0 | 0 |
_aPQ8549.T64 _bE6 vol. 5 |
| 082 |
_annn _bT716a |
||
| 100 | 1 |
_aTosta García, Francisco, _d1852-1921. _918056 |
|
| 245 | 1 | 4 |
_aLos años terribles / _cFrancisco Tosta García. |
| 260 |
_aCaracas : _bOficina Central de Información, _c1976. |
||
| 300 |
_a298 p. ; _c18 cm. |
||
| 490 | 1 |
_aEpisodios venezolanos _v5 |
|
| 651 | 0 |
_aVenezuela _xHistory _yWar of Independence, 1810-1823 _xFiction. _918061 |
|
| 830 | 0 |
_aEpisodios venezolanos ; _v5 _918058 |
|
| 082 | 0 | 0 | _a863 |
| 049 | _aBNGR | ||
| 999 |
_c9631 _d9631 |
||